000 00289nam a2200121Ia 4500
008 190216s9999||||xx |||||||||||||| ||und||
100 _aRadhakrishna Kahnna
245 0 _aEconomics Of Planning
260 _bPoorna Pubs Kozhikode
_c1963
300 _a253p
650 _aCommerce
942 _cBK
999 _c4758
_d4758